| 000 | 00664cab a2200229 4500 | ||
|---|---|---|---|
| 001 | ABS48623 | ||
| 008 | 090401t1993 xxu||||| |||| 00| 0 eng d | ||
| 035 | _a(Sirsi) u67624 | ||
| 041 | _aeng | ||
| 100 | _aRedler, A. | ||
| 245 | _aUpdate on the Access to Neighbouring Land Act 1992 | ||
| 260 | _c1993 | ||
| 350 | _a0 | ||
| 490 |
_aStructural Survey _v11(4) Spring 1993, 375-377(3) |
||
| 520 | _aLooks at the Act which came into force on 31 January 1993. | ||
| 650 | _aACCESS ORDERS | ||
| 650 | _aACCESS TO NEIGHBOURING LAND ACT 1992 | ||
| 650 | _aRIGHTS OF WAY | ||
| 690 | _aHIGHWAYS RIGHTS OF WAY AND EASEMENTS | ||
| 942 | _n0 | ||
| 948 | _c04/03/1997 | ||
| 999 |
_c42322 _d42322 |
||